Quizzes
Events
Quiz Creation
Community
Videos
Private Events
Remove Ads
Sign In
Join for FREE
Feedback
Dark Mode
Quiz Categories
Sports
Geography
Music
Movies
Television
Just For Fun
Miscellaneous
History
Literature
Language
Science
Gaming
Entertainment
Religion
Holiday
For Kids
Quiz Lab
Recent
Popular Today
Quiz Kudos Today
Editor Picks
Curator Picks
Quizzes by...
Day
Popularity
Type
Ratings
Length
Year
Community
Subscriptions
Recent Discussions
Orange Saloon
Badges
Playlists
Quests
Create
Leaderboards
Showdown
Live 5
Trivia Bingo
Activity
Puzzle Library
Sporcle Events
Private Events
Virtual Trivia
Globe League
Become a Host
Pub Owners
SporcleCon
Opinionation
Our Games
Videos
Blog
Mobile Apps
Partnerships
Remove Ads and Go Orange
Feedback
Just For Fun
Clickable
Get the Picture
Humor
Quick Pick
Word Ladder
Missing Word
Mixed Word
Blitz
Minefield
This or That
Alphabet
Color
Typing
Sporcle
Puzzle
Word Play
Follow That Line
Logic
Just For Fun
Clickable
Get the Picture
Humor
Quick Pick
Word Ladder
Missing Word
Mixed Word
Blitz
Minefield
This or That
Alphabet
Color
Typing
Sporcle
Puzzle
Word Play
Follow That Line
Logic
Random Quiz
Search Sporcle
×
Quiz Lab
Quiz Lab
Just For Fun
University
Type in answers that appear in a list
Type in answers that appear in a list
Classic
Best Score? Go Orange.
Name the College Mascots? Stats
Can you name the Name the College Mascots??
By
Svicks1991
10m
70 Questions
192 Plays
192 Plays
192 Plays
Comments
Comments
Give Quiz Kudos
Give Quiz Kudos
-
- Ratings
hide this ad
Replay
Link that replays current quiz
Next Quiz
Link to next quiz in quiz playlist
You Got
0%
They Got
Avg Score
85%
Avg Friend Score
Upgrade to see
Score Distribution
Jump to the score distribution portion of the page
Score
0/70
Timer
10:00
0
Plays Today
College
Mascot
% Correct
University of Florida
Gators
95.3%
Baylor University
Bears
94.8%
University of Missouri
Tigers
94.8%
Louisiana State University
Tigers
94.8%
Brown University
Bears
94.8%
Princeton University
Tigers
94.8%
Auburn University
Tigers
94.8%
University of Texas
Longhorns
93.8%
Kansas State University
Wildcats
93.2%
University of Alabama
Crimson Tide
93.2%
University of Arizona
Wildcats
93.2%
University of Kentucky
Wildcats
93.2%
Northwestern University
Wildcats
93.2%
University of Oklahoma
Sooners
92.7%
Flordia State University
Seminoles
92.2%
University of Oregon
Ducks
92.2%
University of Georgia
Bulldogs
92.2%
Yale University
Bulldogs
92.2%
Mississippi State University
Bulldogs
92.2%
Ohio State University
Buckeyes
91.7%
University of Notre Dame
Fighting Irish
91.7%
University of Tennessee
Volunteers
91.1%
Havard University
Crimson
91.1%
University of Kansas
Jayhawks
90.6%
University of Washignton
Huskies
90.1%
University of Connecticut
Huskies
90.1%
Arizona State University
Sun Devils
89.6%
UCLA
Bruins
89.6%
University of Michigan
Wolverines
89.6%
University of Wisconsin
Badgers
89.6%
Duke University
Blue Devils
89.6%
Louisville University
Cardinals
89.6%
Syracuse University
Orange
89.6%
University of Arkansas
Razorbacks
89.1%
Oklahoma State Univeristy
Cowboys
88.5%
College
Mascot
% Correct
University of Colorado
Buffaloes
88%
University of Tulsa
Golden Hurricane
87.5%
University of Iowa
Hawkeyes
87%
University of Nebraska
Cornhuskers
86.5%
University of South Carolina
Gamecocks
85.9%
University of Southern California
Trojans
85.9%
University of Miami
Hurricanes
85.4%
Oregon State University
Beavers
85.4%
Indiana University
Hoosiers
84.4%
University of Houston
Cougars
83.9%
Brigham Young University
Cougars
83.9%
Purdue University
Boilermakers
83.9%
University of Cincinnati
Bearcats
83.9%
Penn State University
Nittany Lions
83.3%
University of Illinois
Fighting Illini
83.3%
UNLV
Rebels
82.8%
Boston College
Eagles
82.8%
Universrity of Mississippi
Rebels
82.8%
Texas A&M University
Aggies
82.8%
TCU
Horned Frogs
82.8%
West Virginia University
Mountaineers
81.3%
Iowa State University
Cyclones
79.7%
University of California
Golden Bears
79.7%
University of Virginia
Cavaliers
78.6%
Boise State University
Broncos
78.1%
Rutgers University
Scarlet Knights
78.1%
Texas Tech University
Red Raiders
75.5%
University of Hawaii
Rainbow Warriors
74%
Tulane University
Green Wave
74%
Vanderbilt University
Commodores
71.9%
Southern Methodist University
Mustangs
70.8%
Rice University
Owls
70.8%
University of Central Florida
Knights
66.7%
Marshall University
Thundering Herd
64.6%
Pepperdine University
Waves
44.3%
Quiz Playlist
Details
Report
Send in Message
Add To Playlist
Classic:
Type in answers that appear in a list
Last Updated: Feb 16, 2017
Quiz Scoreboard
CHALLENGE
Sign Up to Join the Scoreboard
Show All
Scores
Hide
Comments
May contain spoilers
Recently Published
Popular People in 1961
by mucciniale
History
6m
1-10 Letter E Words III
by El_Dandy
Language
2m
One Thing in Common: World Cities II
by knightlancer
Geography
7m
More to Explore
Quiz From the Vault
Featured Blog Post
Where Did the Easter Bunny Come From?
hide this ad
You Might Also Like...
Tags
University Quiz
America
American Football
Division I
mascot
Mascot Names
name
tulsa
uni
University Mascots
Today's Top Quizzes in Just For Fun
Browse Just For Fun
hide this ad
Today's Top Quizzes in University
Browse University
Top Contributed Quizzes in Just For Fun
1
Harry Potter Logic - 'In Chains' II
2
Survivor Winners Logic Puzzle
3
Crossword Whiteout! 49
4
Letter's Position in the Alphabet Blitz
5
Thermometer Puzzle 25
6
Aquarium Logic Puzzle 17
7
Big Thermometer Puzzle 21
8
Clickable 1 to 100 Minefield
9
K-Pop Idol Olympics Logic Quiz II
10
Tapa Puzzle
Explore More
Trending Topics
Marvel
Crossword
Harry Potter
Disney
Kpop
Anime
NBA
Puzzle
Country
Pokémon
NFL
Soccer
The Office
WWE
Song
hide this ad
More By:
Svicks1991
Quiz
Plays
Rating
Category
Featured
Created
Gollum/Smeagol speech in Return of the King
2,005
4.60
Movies
Dec 6, 2011
Harry Potter vs Snape Speech DH Part 2
1,859
5.00
Movies
Dec 7, 2011
Mr Darcy's Letter to Elizabeth Part 1 BBC Version
1,641
5.00
Movies
Dec 14, 2011
Mr Darcy's Letter to Elizabeth Part 3 BBC Version
1,528
5.00
Movies
Dec 14, 2011
Gandalf's Speech to Pippin in ROK
1,417
4.80
Movies
Dec 5, 2011
Go to Creator's Profile
Score Distribution
Quiz Creator Spotlight
Svicks1991
Follow
Send a Message
Quizzes Created
-
Created Quiz Play Count
-
More By This Creator
Popular Quizzes Today
1
Find the US States - No Outlines Minefield
2
The Countries of the World
3
Find the Countries of Europe - No Outlines Minefield
4
Popular People in 1961
5
1-10 Letter E Words III
6
Find the US States
7
One Thing in Common: World Cities II
8
US States
More Just For Fun Quizzes
Word Ladder: Kubrick Film
Published
Trending Quizzes
Risky Map Clicking: Least Populous States A-Z
1-10 Letter F Words
1-10 Letter G Words
One Thing in Common: United Kingdom
Risky Map Clicking: Next State Alphabetically
Recently Updated
Leaping Animals
pecheneg
Reality TV Shows (A-Z)
bhenderson79
Rickey Henderson's Hall of Fame Teammates
pecheneg
Champions League XIs: Arsenal
pecheneg
Quick Pick: Celebrities in WWE's Hall of Fame
aduchscher
A-Z Keypad Blitz II
pecheneg
Multiple Oscar Actors
pecheneg
Mystery Phrase Blitz: Oscar 'Best Actors'
pecheneg
F. Scott Fitzgerald Novels
LTH
Pick 3 Villains
ddd62291
Trending Topics
NBA
Crossword
Anime
Harry Potter
Marvel
Kpop
Disney
Soccer
NFL
WWE
Country
Pokémon
The Office
Song
Puzzle
Your Account Isn't Verified!
In order to create a playlist on Sporcle, you need to verify the email address you used during registration. Go to your
Sporcle Settings
to finish the process.
Report this User
Report this user for behavior that violates our
Community Guidelines
.
Details:
Send Report
Go to the Sporcle.com Mobile Site →
Comments